[Event "Olympiad Women 2024"]
[Site "Budapest HUN"]
[Date "2024.09.13"]
[Round "3.31"]
[Board "3"]
[White "James, Shemilah"]
[Black "Bederdin, Lilja"]
[Result "0-1"]
[WhiteElo "1774"]
[BlackElo "2065"]
[PlyCount "56"]
[EventDate "2024.09.11"]
[WhiteTeam "Trinidad & Tobago"]
[BlackTeam "Finland"]
[BlackTeamCountry "FIN"]

1. e4 e5 2. Nf3 Nc6 3. Bc4 Nf6 4. d3 Be7 5. c3 O-O 6. O-O d5 7. exd5 Nxd5 8. Re1 Bg4 9. h3 Bh5 10. Bb3 Kh8 11. g4 Bg6 12. Nxe5 ({RR} 12. Qe2 Nf4 13. Bxf4 Bxd3 14. Qe3 exf4 15. Qxf4 Bd6 16. Qg5 Ne5 17. Nbd2 Qxg5 18. Nxg5 h6 19. Rxe5 hxg5 20. Rxg5 Bf4 21. Rd5 Rad8 22. Rxd8 Rxd8 23. Nf3 Be4 24. Nd4 c5 25. Re1 Bg6 26. Nf3 b5 {½-½ Barboza Viquez,M (1908)-Betaneli,A (2175) 17th American Continental 2024 (3.54)}) 12... Nxe5 13. Rxe5 c6 14. d4 $146 ({RR} 14. Bxd5 cxd5 15. Qf3 d4 16. c4 Qc7 17. Rb5 b6 18. Bf4 Bd6 19. Bxd6 Qxd6 20. b4 Qe6 21. Nd2 f5 22. g5 Rac8 23. Nb3 Qd6 24. a3 Qe7 25. Qf4 Qe2 26. Qd2 Qh5 27. Kg2 f4 28. Nxd4 f3+ {1-0 Ferreira,R (1813)-Seiffert,G (1436) Florianopolis op 5th 2019 (7)}) ({RR} 14. Bxd5 cxd5 15. Qf3 f5 16. Rxd5 Qb6 17. g5 f4 18. Nd2 Qe6 19. Nf1 Bh5 20. Qe4 Qxh3 21. Qg2 Qe6 22. Qe4 Qg4+ 23. Qg2 Qe2 24. Nh2 Rad8 25. Rxd8 Rxd8 26. d4 Bd6 27. f3 Qe6 28. Bd2 b5 {0-1 Bodnaruk,A (2411)-Buhmann,R (2580) Titled Tuesday intern op 9th June blitz 2020 (1)}) 14... Bd6 15. Re1 Qh4 16. Kg2 f5 17. g5 Nf4+ 18. Bxf4 Bxf4 19. Rg1 Bh5 20. Qd3 Rae8 21. Bd1 Qxg5+ 22. Kh1 Qh4 23. Kg2 Bxd1 24. Qxd1 Rf6 25. Re1 Rg6+ 26. Kf3 Qxh3+ 27. Kxf4 Rg4+ 28. Kxf5 Qh5# 0-1

[Event "Olympiad Women 2024"]
[Site "Budapest HUN"]
[Date "2024.09.13"]
[Round "3.31"]
[Board "4"]
[White "Puuska, Heini"]
[Black "Ramnarine Singh, Aradhana"]
[Result "1-0"]
[WhiteElo "1930"]
[BlackElo "1589"]
[PlyCount "75"]
[EventDate "2024.09.11"]
[WhiteTeam "Finland"]
[BlackTeam "Trinidad & Tobago"]
[WhiteTeamCountry "FIN"]

1. d4 d5 2. Nf3 Nf6 3. e3 e6 4. g3 Be7 ({RR} 4... c5 5. Bg2 Nc6 6. c3 Bd6 7. O-O O-O 8. Re1 e5 9. dxe5 Nxe5 10. Nxe5 Bxe5 11. f4 Bc7 12. b4 cxb4 13. cxb4 Bb6 14. Nc3 d4 15. Na4 Bg4 16. Bf3 Bxf3 17. Qxf3 dxe3 18. Nxb6 Qxb6 19. Bxe3 {½-½ Pradnesh,A (1148)-Rodriguez,F (1496) Kasparov CF University Cup rapid 2022 (3.7)}) 5. Bg2 O-O 6. O-O b6 7. b3 $146 ({RR} 7. Nc3 Bb7 8. Nd2 c5 9. dxc5 bxc5 10. Nc4 Nc6 11. Nd2 Rb8 12. b3 Re8 13. Bb2 Bd6 14. Re1 Ne5 15. Ne2 Qb6 16. Rb1 Ba6 17. Nf3 Ned7 18. Bf1 Qc7 19. Qc1 Ne4 20. Nf4 Bxf1 21. Rxf1 Ndf6 {0-1 Schnarr,C-Boldt,K (1593) MVS Bezirks-ch 2001 (3)}) 7... Nbd7 8. Bb2 Bb7 9. c4 c5 10. cxd5 Bxd5 11. Nc3 Bb7 12. Rc1 Rc8 13. Qe2 cxd4 14. exd4 Nd5 15. Ne4 N7f6 16. Ned2 Bd6 17. Nc4 Ba6 18. Rfe1 Bb4 19. Red1 Qe7 20. Nfe5 b5 21. Ne3 Nc3 22. Bxc3 Bxc3 23. Nc6 Qa3 24. Rxc3 b4 25. Ne7+ Kh8 26. Rxc8 Rxc8 27. Qd2 Rc7 28. Nc6 Bb7 29. Nc4 Qa6 30. Nxb4 Qb5 31. Nd6 Qd7 32. Nxb7 Rxb7 33. Bxb7 Qxb7 34. d5 exd5 35. Nxd5 h6 36. Nxf6 gxf6 37. Qxh6+ Kg8 38. Rd8# 1-0

[Event "Olympiad Women 2024"]
[Site "Budapest HUN"]
[Date "2024.09.13"]
[Round "3.32"]
[Board "1"]
[White "Corrales Jimenez, Zenia"]
[Black "Bwalya Mulwale, Lubuuto"]
[Result "1/2-1/2"]
[WhiteElo "2170"]
[BlackElo "1852"]
[PlyCount "113"]
[EventDate "2024.09.11"]
[WhiteTeam "Mexico"]
[BlackTeam "Zambia"]
[WhiteTeamCountry "MEX"]
[BlackTeamCountry "ZAM"]

1. e4 c6 2. Nf3 d5 3. Nc3 dxe4 4. Nxe4 Bf5 5. Ng3 Bg6 6. h4 h6 7. Ne5 Bh7 8. Qh5 g6 9. Bc4 e6 10. Qe2 Qe7 11. d4 Nf6 12. Bf4 ({RR} 12. Bd2 Nbd7 13. a3 a5 14. O-O-O Bg7 15. Rhe1 Nd5 16. Bxd5 cxd5 17. Qb5 Bxe5 18. dxe5 b6 19. Bxh6 Qxh4 20. Be3 Qc4 21. Qxc4 dxc4 22. Bg5 Bg8 23. Ne4 Rh5 24. Nf6+ Nxf6 25. Bxf6 g5 26. Rd4 Rh4 {1-0 Septien Lopez,V (1784)-Delgado Delgado,J (1786) Tenerife-chT Primera 2021 (7.1)}) 12... Bg7 13. Qd2 Nbd7 $146 ({RR} 13... Bg8 14. O-O-O Nbd7 15. Rhe1 Nd5 16. Ne4 Nxf4 17. Qxf4 Nf6 18. Nc5 Nd5 19. Qg3 Bf6 20. Qb3 Bxe5 21. Rxe5 b6 22. Qa4 b5 23. Qa6 Qc7 24. Bxd5 cxd5 25. Qxb5+ Ke7 26. Qb4 Kf6 27. h5 Bh7 28. hxg6 {1-0 Atlas,V (2387)-Kuehn,P (2440) SUI-chT Switzerland 2003 (5.3)}) 14. Nxd7 Qxd7 15. O-O-O h5 16. Kb1 O-O 17. Bh6 b5 18. Bxg7 Kxg7 19. Be2 Rfd8 20. Qe3 Rac8 21. Bf3 Qc7 22. Qg5 Rd7 23. Rd2 Rcd8 24. Rhd1 a6 25. Rd3 a5 26. Be4 Nxe4 27. Nxe4 Rd5 28. Qf6+ Kg8 29. Rf3 Rf5 30. Rxf5 exf5 31. Ng5 Rd6 32. Qe5 Qd7 33. Nf3 f6 34. Qc5 Kg7 35. Re1 Bg8 36. b3 Bd5 37. Kb2 Bxf3 38. gxf3 Kf7 39. Kc3 Rd5 40. Qb6 Rd6 41. Qc5 Rd5 42. Qb6 Rd6 43. Qxa5 Rxd4 44. Re3 Rd1 45. Rd3 Rxd3+ 46. cxd3 Qd6 47. Qa7+ Ke6 48. d4 Qd5 49. Qg7 Qxf3+ 50. Kb4 Qxf2 51. Qg8+ Kd7 52. Qf7+ Kc8 53. Qxf6 Qg2 54. Qf8+ Kc7 55. Qe7+ Kc8 56. Qe8+ Kc7 57. Qe7+ 1/2-1/2

[Event "Olympiad Women 2024"]
[Site "Budapest HUN"]
[Date "2024.09.13"]
[Round "3.32"]
[Board "2"]
[White "Likando Namakau"]
[Black "Miranda Rodriguez, Tania"]
[Result "0-1"]
[WhiteElo "1746"]
[BlackElo "2090"]
[PlyCount "84"]
[EventDate "2024.09.11"]
[WhiteTeam "Zambia"]
[BlackTeam "Mexico"]
[WhiteTeamCountry "ZAM"]
[BlackTeamCountry "MEX"]

1. e4 e5 2. d4 exd4 3. Bc4 Nc6 4. Nf3 Bc5 5. c3 Nf6 6. e5 d5 7. Bb3 Ne4 8. cxd4 Bb4+ 9. Bd2 Nxd2 10. Nbxd2 Bg4 11. Ba4 O-O 12. Bxc6 Bxf3 $146 ({RR} 12... bxc6 13. Rc1 Qd7 14. Qa4 Bxf3 15. gxf3 Bxd2+ 16. Kxd2 Rab8 17. Rc2 Qf5 18. Ke2 f6 19. Qxc6 fxe5 20. Qxd5+ Kh8 21. Rhc1 exd4 22. Qxf5 Rxf5 23. Rxc7 Rxb2+ 24. R1c2 Rxc2+ 25. Rxc2 h6 26. a4 Kh7 27. Rc4 {½-½ Szokolszky,M (1761)-Szukics,A (1626) HUN-ch U12 Celldoemoelk 2011 (5)}) ({RR} 12... bxc6 13. Qa4 Rb8 14. O-O Bxd2 15. Nxd2 Rxb2 16. Nb3 Qg5 17. Qxc6 Bf3 18. g3 Qg4 19. Qc3 Rc2 20. Qe3 Re2 21. Qf4 Qh5 22. Rfe1 Rb8 23. Rxe2 Bxe2 24. Re1 Rb6 25. h4 h6 26. Kg2 Bc4 27. Nc5 {1-0 Guido,F (2245)-Luciani,C (2265) ITA-chT Italy 1993 (4)}) 13. Qxf3 bxc6 14. Qe3 c5 15. O-O cxd4 16. Qxd4 c5 17. Qd3 Qe7 18. Nf3 Rfd8 19. Rad1 a5 20. Qf5 a4 21. a3 Ba5 22. Rc1 h6 23. h3 Bb6 24. Rfe1 Qe6 25. Qc2 c4 26. Red1 Rd7 27. Rd2 Bc7 28. Re2 Qb6 29. Rd1 Ra6 30. Nd4 Qg6 31. Qxg6 Rxg6 32. e6 fxe6 33. Rxe6 Rxe6 34. Nxe6 Bb6 35. Rc1 Rf7 36. Rc2 Rf6 37. Re2 Kf7 38. Ng5+ hxg5 39. g3 d4 40. Re5 d3 41. Rb5 d2 42. Rd5 Rxf2 0-1

[Event "Olympiad Women 2024"]
[Site "Budapest HUN"]
[Date "2024.09.13"]
[Round "3.32"]
[Board "3"]
[White "Mendez Tovar, Yessica Yissel"]
[Black "Mbatha, Constance"]
[Result "1/2-1/2"]
[WhiteElo "2004"]
[BlackElo "1799"]
[PlyCount "111"]
[EventDate "2024.09.11"]
[WhiteTeam "Mexico"]
[BlackTeam "Zambia"]
[WhiteTeamCountry "MEX"]
[BlackTeamCountry "ZAM"]

1. e4 e5 2. Nf3 Nc6 3. Nc3 d6 4. Bc4 Bg4 5. h3 Bh5 6. Be2 ({RR} 6. d3 Na5 7. Bb5+ c6 8. Ba4 b5 9. Bb3 Nf6 10. g4 Bg6 11. h4 h5 12. g5 Nd7 13. Be3 Nxb3 14. axb3 a5 15. Qd2 b4 16. Na4 Qc7 17. Ng1 d5 18. f3 f5 19. gxf6 gxf6 20. Qf2 d4 {0-1 Krejic,I (2273)-Petkovic,R (2313) Vojvodina-chT 2008 (11)}) 6... Nf6 7. d3 Be7 8. O-O O-O $146 ({RR} 8... Qd7 9. Bg5 h6 10. Bxf6 Bxf6 11. Nd5 Ne7 12. Nxf6+ gxf6 13. Nh2 Bxe2 14. Qxe2 Rg8 15. Ng4 Rg6 16. f4 O-O-O 17. f5 Rg7 18. Nxf6 Qb5 19. Ng4 Ng8 20. c4 Qc5+ 21. Qf2 Qxf2+ 22. Rxf2 h5 23. Ne3 {1-0 Novosel,M (1738)-Gasparac,K (1576) CRO-ch U13 Kastel Stafilic 2014 (3)}) ({RR} 8... h6 9. Be3 Bg6 10. Nh2 O-O 11. f4 exf4 12. Bxf4 a6 13. Ng4 Nd4 14. Nxf6+ Bxf6 15. Nd5 Nxe2+ 16. Qxe2 Bxb2 17. Rab1 Bd4+ 18. Kh1 b6 19. Qg4 b5 20. c3 Be5 21. d4 Bxf4 22. Rxf4 c6 23. Nb4 {½-½ Dan,M (1353)-Szucs,M (1374) HUN-chT2 Barcza 1718 2017 (4.12)}) 9. g4 Bg6 10. Ne1 h6 11. Bf3 Nd4 12. Be3 Ne6 13. Ng2 c6 14. Ne2 d5 15. Ng3 d4 16. Bd2 Nh7 17. Kh2 Rc8 18. Be2 Bd6 19. Nf5 Bb8 20. Ngh4 Nf4 21. Rg1 Ng5 22. Rg3 Kh7 23. Ng2 Nge6 24. Bf1 Nxg2 25. Bxg2 Nf4 26. Bf3 Rg8 27. a4 c5 28. b3 Qf6 29. Qg1 b6 30. g5 hxg5 31. Rxg5 Rh8 32. Qg4 Ne6 33. Rg1 Rce8 34. Rxg6 fxg6 35. Nh4 g5 36. Bxg5 Nxg5 37. Qh5+ Qh6 38. Rxg5 Qxh5 39. Bxh5 Re6 40. Bg4 Rf6 41. Kg3 g6 42. Nf3 Re8 43. h4 Kh6 44. Nh2 Re7 45. Be2 Rf8 46. Ng4+ Kh7 47. h5 gxh5 48. Rxh5+ Kg7 49. Nh6 Re6 50. Nf5+ Kg8 51. Bg4 Ref6 52. f3 Re8 53. Kh4 Bc7 54. Rg5+ Kh8 55. Rh5+ Kg8 56. Rg5+ 1/2-1/2

[Event "Olympiad Women 2024"]
[Site "Budapest HUN"]
[Date "2024.09.13"]
[Round "3.32"]
[Board "4"]
[White "Mwale, Naomi"]
[Black "Tec Rodas, Sofia Isavelina"]
[Result "1-0"]
[WhiteElo "1767"]
[BlackElo "1800"]
[PlyCount "73"]
[EventDate "2024.09.11"]
[WhiteTeam "Zambia"]
[BlackTeam "Mexico"]
[WhiteTeamCountry "ZAM"]
[BlackTeamCountry "MEX"]

1. e4 {Atalik,Suat} e5 2. Nf3 Nc6 3. Bc4 Nf6 4. d3 h6 5. Be3 d6 ({RR} 5... d5 6. exd5 Nxd5 7. Bd2 g6 8. O-O Bg7 9. Nc3 Be6) 6. h3 ({RR} 6. a3) ({RR} 6. Nc3 Na5 7. a3 Nxc4 8. dxc4 c6) 6... Na5 ({RR} 6... Be7 7. O-O O-O 8. Nbd2 Be6 9. Bxe6 fxe6 10. c3 Kh8 11. d4 exd4 12. cxd4 Qe8 13. Qb3 d5 14. e5 Ne4 15. Rac1 Nxd2 16. Bxd2 Rb8 17. Qd3 Qd7 18. Qg6 Rf5 19. Qg4 Rbf8 20. Nh4 Bxh4 21. Qxh4 {½-½ Sefcik,O (1315)-Lopasovsky,A (1199) SVK-chT3A2 2122 2021 (9.5)}) 7. Bb3 ({RR} 7. Bb5+ c6 8. Ba4 b5 9. Bb3 Be7 10. c3 Nxb3 11. axb3 c5 ({RR} 11... a6) 12. b4 cxb4 13. Rxa7 Rxa7 14. Bxa7 d5 15. Nxe5 Bb7 ({RR} 15... dxe4 16. dxe4 Qxd1+ 17. Kxd1 Nxe4 18. Re1 Bb7 19. f3 Ng5 20. Bc5 Bxc5 21. Ng6+ Ne6 22. Nxh8 Ke7) 16. O-O ({RR} 16. f3 O-O 17. O-O Bd6 18. Ng4 Nxg4 19. hxg4 Qh4 20. f4 dxe4 21. dxe4 Bxe4 22. Qxd6 Qxg4 23. Qd2 Ra8 24. Be3 Ra1) 16... Qa8 17. Bd4 dxe4 18. dxe4 ({RR} 18. Ng4 exd3 19. Nxf6+ Bxf6 20. Bxf6 gxf6 21. Qg4 Kf8 22. Qxb4+ Kg7 23. Qg4+ Kf8 24. f3) 18... Bxe4 19. f3 Bxb1 20. Qxb1 O-O 21. Re1 Bd6 {0-1 Vaughn,H (1908)-Atalik,S (2616) North American op 30th 2011 (11)}) 7... Nxb3 8. axb3 Be7 9. Nc3 $146 ({RR} 9. Qd2 O-O 10. Nc3 c6 11. d4 a6 12. O-O b5 13. Qd3 Qc7 14. Rfd1 Bb7 15. d5 c5 16. Nd2 Nh5 17. Qe2 Nf6 18. Qf1 Nd7 19. f4 exf4 20. Qxf4 Ne5 21. Qg3 Ng6 22. Nf3 Qd8 23. Ne2 Kh7 {1-0 Hansen,R-Thomsen,H Atlantic Airways Cup-C 2003 (7)}) 9... c5 10. O-O O-O 11. Nh2 d5 12. exd5 Nxd5 13. Ne4 f5 14. Nc3 f4 15. Bd2 Nxc3 16. Bxc3 Bd6 17. Nf3 Rf5 18. Re1 Qf6 19. Qe2 Be6 20. Nxe5 Bd5 21. Nf3 Qf7 22. d4 cxd4 23. Bxd4 a6 24. Rad1 Kh8 25. c4 Bc6 26. Qd3 Bc7 27. Re2 Rd8 28. Qc3 Bb6 29. Red2 Bxd4 30. Rxd4 Rxd4 31. Nxd4 Qg6 32. Nxc6 f3 33. Rd8+ Kh7 34. g4 Rf6 35. Ne5 Qb1+ 36. Kh2 Qf1 37. Qd3+ 1-0

[Event "Olympiad Women 2024"]
[Site "Budapest HUN"]
[Date "2024.09.13"]
[Round "3.33"]
[Board "1"]
[White "Charinda, Kudzanayi"]
[Black "Wafa, Shrook"]
[Result "1-0"]
[WhiteElo "1854"]
[BlackElo "2137"]
[PlyCount "127"]
[EventDate "2024.09.11"]
[WhiteTeam "Zimbabwe"]
[BlackTeam "Egypt"]
[WhiteTeamCountry "ZIM"]
[BlackTeamCountry "EGY"]

1. e4 c5 2. Nf3 Nc6 3. d4 cxd4 4. Nxd4 Nf6 5. Nc3 d6 6. Be3 g6 7. Qd2 Ng4 8. Bc4 Nxe3 9. Qxe3 Bg7 10. Nxc6 bxc6 11. O-O-O $146 ({RR} 11. Rd1 O-O 12. O-O Bd7 13. b3 Qa5 14. Na4 c5 15. Nxc5 Bc6 16. Na6 Bb7 17. b4 Qa4 18. Qb3 Qc6 19. b5 Qxe4 20. Bd5 Bxd5 21. Rxd5 Rac8 22. Rd3 Rc4 23. a3 Rfc8 24. Nb4 R8c5 25. Nc6 Rxc2 {1-0 Sporkert,C-Verch,M Dortmund op-B 2001 (5)}) 11... Qa5 12. Bb3 Rb8 13. f4 O-O 14. h4 Bg4 15. Rd3 h5 16. Nd1 c5 17. c4 Be6 18. Rd2 Rb4 19. Rc2 Rfb8 20. Rf1 Qa6 21. Qe2 Bg4 22. Qd3 Rxb3 23. axb3 Qa2 24. Nc3 Qxb3 25. Kd2 Qb4 26. Kc1 a5 27. Rff2 a4 28. Nd1 Qe1 29. Rf1 Qxh4 30. g3 Qf6 31. Nc3 Rb3 32. Qd5 a3 33. Qa8+ Kh7 34. e5 axb2+ 35. Kb1 dxe5 36. Ne4 Qf5 37. Ng5+ Qxg5 38. fxg5 Bf5 39. Rxf5 gxf5 40. Rxb2 Rxg3 41. Rg2 Rd3 42. Qe8 Kg6 43. Qxe7 Rb3+ 44. Kc2 Rb6 45. Qxc5 Ra6 46. Kb3 h4 47. Rh2 Re6 48. Rxh4 e4 49. Qe3 Rd6 50. Kb4 Rd3 51. Qe2 Rf3 52. Rh1 Bf8+ 53. c5 Kxg5 54. Qd2+ Kg6 55. Rg1+ Kf6 56. Qd4+ Ke6 57. Rd1 Be7 58. Kb5 Rb3+ 59. Ka6 Ra3+ 60. Kb7 e3 61. c6 Rb3+ 62. Kc8 Ra3 63. Qd7+ Kf6 64. Rd6+ 1-0

[Event "Olympiad Women 2024"]
[Site "Budapest HUN"]
[Date "2024.09.13"]
[Round "3.33"]
[Board "2"]
[White "Wafa, Shahenda"]
[Black "Makwena, Christine"]
[Result "1-0"]
[WhiteElo "2102"]
[BlackElo "1860"]
[PlyCount "33"]
[EventDate "2024.09.11"]
[WhiteTeam "Egypt"]
[BlackTeam "Zimbabwe"]
[WhiteTeamCountry "EGY"]
[BlackTeamCountry "ZIM"]

1. e4 c5 2. Nf3 d6 3. d4 cxd4 4. Nxd4 Nf6 5. Nc3 a6 6. Bg5 Nbd7 7. f4 Qc7 8. Qf3 b5 9. e5 Bb7 10. exd6 Qb6 11. Qe3 Qxd6 ({RR} 11... e6 12. O-O-O Bxd6 13. f5 e5 14. Ndxb5 Bc5 15. Nd6+ Ke7 16. Bxf6+ gxf6 17. Qd2 Be3 18. Nc4 Bxd2+ 19. Rxd2 Qc5 20. Nd6 Qxd6 21. Rxd6 Kxd6 22. Bc4 Nb6 23. Bxf7 Bxg2 24. Rg1 Bc6 25. Rg7 Ra7 26. Rg8 {0-1 Travkina,A (2202)-Smietanska,W (1937) Titled Tue 27th Feb Early 2024 (10)}) 12. O-O-O Qc7 13. Bxb5 $146 ({RR} 13. Ndxb5 axb5 14. Nxb5 Qc6 15. Nd6+ Kd8 16. Bb5 Qxg2 17. Bxf6 Rxa2 18. Qb6+ Nxb6 19. Nxf7+ Kc7 20. Be5+ {1-0 Pascua Vilches,F-Rincon Zapatero,A Valladolid CC Regalado 21st 1997 (2)}) 13... Qc5 14. Bxd7+ Nxd7 15. Rhe1 e6 16. Qh3 Nf6 17. Nxe6 1-0

[Event "Olympiad Women 2024"]
[Site "Budapest HUN"]
[Date "2024.09.13"]
[Round "3.33"]
[Board "3"]
[White "Shaba, Linda Dalitso"]
[Black "Romany, Joy"]
[Result "0-1"]
[WhiteElo "1831"]
[BlackElo "2012"]
[PlyCount "102"]
[EventDate "2024.09.11"]
[WhiteTeam "Zimbabwe"]
[BlackTeam "Egypt"]
[WhiteTeamCountry "ZIM"]
[BlackTeamCountry "EGY"]

1. e4 c5 2. Nf3 e6 3. d4 cxd4 4. Nxd4 Nc6 5. g3 Nf6 6. Bg2 Be7 ({RR} 6... e5 7. Nb5 d6 8. Bg5 a6 9. Bxf6 gxf6 10. N5c3 f5 11. O-O Bg7 12. Nd2 O-O 13. Nc4 Nd4 14. Nd5 fxe4 15. Ncb6 Be6 16. c3 Bxd5 17. Nxd5 Nf3+ 18. Bxf3 exf3 19. Qxf3 f5 20. Rad1 Kh8 21. Rd2 {1-0 Nakamura,H (2816)-Yu,Y (2721) Las Vegas Millionaire op KO rapid 2015 (1.4)}) 7. O-O O-O 8. b3 $146 ({RR} 8. c4 d6 9. Re1 a6 10. Nc3 Qc7 11. b3 e5 12. Nde2 Rb8 13. Bg5 Be6 14. Rc1 Qd7 15. Bxf6 Bxf6 16. Nd5 Bxd5 17. Qxd5 Rfc8 18. Rcd1 Nd4 19. Qa5 Rc5 20. Qd2 b5 21. Nxd4 exd4 22. Bf1 Rbc8 {1-0 Le,T-Giap,X VIE-chT Dong Thap 2004 (4)}) ({RR} 8. c4 d5 9. cxd5 exd5 10. Nxc6 bxc6 11. exd5 cxd5 12. Nc3 Bb7 13. Bg5 Ne4 14. Bxe7 Qxe7 15. Nxd5 Qe5 16. Ne3 Rab8 17. Nc4 Qc5 18. b3 Rfd8 19. Qc2 Rd2 20. Qc1 Rxf2 21. Qe3 Rxg2+ 22. Kxg2 Nd2+ {1-0 Kadam,O (2114)-Xie,B (2050) Titled Tuesday intern op 27th Oct blitz 2020 (11)}) ({RR} 8. c4 d6 9. Nc3 Ne5 10. b3 a6 11. h3 Bd7 12. Be3 Rb8 13. a4 b6 14. Qd2 Qc7 15. Rac1 Rfe8 16. f4 Ng6 17. Kh1 Bc8 18. Qf2 Bf8 19. g4 Bb7 20. g5 Nd7 21. h4 Nc5 22. h5 Ne7 {1-0 Schmidt,G (2225)-Mueller,R (2370) BL2-Sued 9899 1998 (7.3)}) 8... d5 9. Nxc6 bxc6 10. e5 Nd7 11. Bb2 Bc5 12. Qg4 Ba6 13. c4 Qb6 14. Nd2 Rab8 15. Rac1 Qa5 16. Bc3 Bb4 17. Bxb4 Rxb4 18. Qe2 dxc4 19. Nxc4 Bxc4 20. Rxc4 Rxc4 21. Qxc4 Nxe5 22. Qe2 Rd8 23. Rd1 Rxd1+ 24. Qxd1 c5 25. f4 Ng6 26. Qe2 Qc3 27. Be4 Nf8 28. Kg2 g6 29. Bc6 Qa5 30. Be8 Qd8 31. Bc6 h5 32. h4 Nh7 33. Bf3 Nf6 34. Qb2 Nd5 35. Qd2 Qf6 36. Bxd5 Qd8 37. Kf2 exd5 38. Qc3 Qd6 39. Qa5 Qb6 40. Qa4 c4+ 41. Ke2 Qd4 42. Qe8+ Kg7 43. Qe5+ Qxe5+ 44. fxe5 cxb3 45. axb3 f6 46. exf6+ Kxf6 47. Kd3 Ke5 48. b4 a6 49. Ke3 d4+ 50. Kf3 Kd5 51. g4 hxg4+ 0-1

[Event "Olympiad Women 2024"]
[Site "Budapest HUN"]
[Date "2024.09.13"]
[Round "3.33"]
[Board "4"]
[White "Allam, Yara"]
[Black "Wakuruwarewa, Colletta"]
[Result "1-0"]
[WhiteElo "1920"]
[BlackElo "1814"]
[PlyCount "55"]
[EventDate "2024.09.11"]
[WhiteTeam "Egypt"]
[BlackTeam "Zimbabwe"]
[WhiteTeamCountry "EGY"]
[BlackTeamCountry "ZIM"]

1. e4 e6 2. d4 d5 3. Nc3 Nf6 4. e5 Nfd7 5. f4 c5 6. Nf3 Nc6 7. Be3 Be7 8. Be2 O-O 9. Qd2 a6 10. O-O f6 11. f5 cxd4 12. Nxd4 Nxd4 13. Bxd4 fxe5 $146 ({RR} 13... Nxe5 14. Rad1 Nc4 15. Bxc4 dxc4 16. Qe2 Qc7 17. fxe6 Qc6 18. Rf3 Re8 19. Re3 b5 20. Re1 Bb7 21. Ne4 Rad8 22. c3 Rd5 23. Rg3 Kh8 24. Qg4 g6 25. Bxf6+ Bxf6 26. Nxf6 Re7 27. Nxd5 Qxd5 28. Qd4+ {1-0 Kaasen,T (2076)-Olsen,W (1645) Oslo Sveins op 8th 2015 (6)}) 14. fxe6 exd4 15. exd7 dxc3 16. Qxd5+ Kh8 17. Rxf8+ Bxf8 18. dxc8=Q Qxc8 19. Kh1 cxb2 20. Rf1 Qxc2 21. Bd3 Qc6 22. Qd4 Qc1 23. Qf2 Ba3 24. Qf5 Qh6 25. Qf3 Bd6 26. g3 Rb8 27. Qf2 Be5 28. Qf8+ 1-0

[Event "Olympiad Women 2024"]
[Site "Budapest HUN"]
[Date "2024.09.13"]
[Round "3.34"]
[Board "1"]
[White "Wagener, Anna"]
[Black "Sakai, Azumi"]
[Result "1/2-1/2"]
[WhiteElo "2251"]
[BlackElo "1871"]
[PlyCount "93"]
[EventDate "2024.09.11"]
[WhiteTeam "Luxembourg"]
[BlackTeam "Japan"]
[WhiteTeamCountry "LUX"]
[BlackTeamCountry "JPN"]

1. e4 e6 2. d4 d5 3. exd5 exd5 4. Nf3 Nf6 5. Bd3 Bd6 6. O-O O-O 7. h3 h6 8. Nc3 c6 9. Re1 ({RR} 9. Ne5 c5 10. Nb5 Be7 11. dxc5 Bxc5 12. Bf4 a6 13. Nc3 Nc6 14. Qd2 d4 15. Ne2 Re8 16. Nxc6 bxc6 17. Rad1 Nd5 18. Bg3 Qf6 19. Nf4 Nxf4 20. Qxf4 Qxf4 21. Bxf4 Be6 22. Rfe1 Bb4 23. Bd2 Bxd2 {½-½ Fressinet,L (2668)-Bacrot,E (2696) Balagna rapid KO 14th 2017 (2)}) 9... Be6 ({RR} 9... Nbd7 10. Be3 Re8 11. Qd2 Nf8 12. Bf4 Qc7 13. Bxd6 Qxd6 14. Rxe8 Nxe8 15. Re1 Be6 16. Ne2 Nf6 17. Ng3 Re8 18. Qa5 a6 19. Ne5 Bc8 20. Qd2 c5 21. c3 cxd4 22. cxd4 Ne6 23. Nf5 Qc7 24. Nxh6+ {1-0 Martinez Alcantara,J (2610)-Mammadova,G (2351) Titled Tue 13th Feb Early 2024 (2)}) 10. Ne5 Nbd7 $146 ({RR} 10... c5 11. dxc5 Bxc5 12. Bf4 Nc6 13. a3 Qb6 14. Qd2 Qd8 15. Bxh6 gxh6 16. Qxh6 Nd4 17. Qg5+ Kh8 18. Qh6+ Kg8 19. Na4 Rc8 20. Nxc5 Rxc5 21. Re3 {1-0 Vega,F-Rayo Gutierrez,M ESP-chT Spain 1992}) ({RR} 10... a6 11. f4 Qc8 12. Qf3 Bf5 13. g4 Bxd3 14. cxd3 Nbd7 15. Ne2 c5 16. Be3 cxd4 17. Nxd7 Qxd7 18. Bxd4 Qb5 19. Bxf6 gxf6 20. Kh1 Rfe8 21. b3 Qb4 22. Rf1 Qd2 23. Ng1 Re3 24. Qxd5 Rxd3 25. Qg2 {0-1 Munoz,A (1739)-Ospina Ortiz,O (1943) COL-ch Ibague 2013 (2)}) 11. Bf4 Nb6 12. Qf3 Nc4 13. b3 Bb4 14. bxc4 Bxc3 15. Bh7+ Kxh7 16. Qxc3 dxc4 17. Nxc4 Nd5 18. Qd3+ Kg8 19. Bg3 Nb4 20. Qc3 Nd5 21. Qa3 Nb6 22. Nd6 Nc4 23. Nxc4 Bxc4 24. Qb4 b5 25. Bd6 Re8 26. Rxe8+ Qxe8 27. Re1 Qd8 28. a3 Qg5 29. Qc3 Bd5 30. Bg3 h5 31. h4 Qg4 32. Re5 Qd1+ 33. Kh2 f6 34. Re7 a5 35. f3 Qf1 36. Qe3 Bf7 37. Qe4 Rc8 38. Qf5 Re8 39. Rxe8+ Bxe8 40. Qe6+ Bf7 41. Qc8+ Kh7 42. Qxc6 Qc4 43. Qe4+ Bg6 44. Qe1 b4 45. axb4 axb4 46. Bd6 Qxd4 47. Qxb4 1/2-1/2

[Event "Olympiad Women 2024"]
[Site "Budapest HUN"]
[Date "2024.09.13"]
[Round "3.34"]
[Board "2"]
[White "Kinoshita, Kanako"]
[Black "Steil-Antoni, Fiona"]
[Result "0-1"]
[WhiteElo "1822"]
[BlackElo "2085"]
[PlyCount "90"]
[EventDate "2024.09.11"]
[WhiteTeam "Japan"]
[BlackTeam "Luxembourg"]
[WhiteTeamCountry "JPN"]
[BlackTeamCountry "LUX"]

1. d4 d5 2. Nf3 Nf6 3. e3 e6 4. Bd3 c5 5. b3 Be7 6. O-O O-O 7. Bb2 b6 8. Nbd2 Bb7 9. Ne5 Nbd7 10. f4 Ne4 11. c4 f5 ({RR} 11... Nxe5 12. fxe5 Bg5 13. Qe2 Nxd2 14. Qxd2 dxc4 15. Bxc4 cxd4 16. Bxd4 Be4 17. Qe2 Qe7 18. Bd3 Bxd3 19. Qxd3 Qb7 20. Rac1 Rac8 21. h3 h6 22. a4 Qd5 23. b4 Rfd8 24. Qa6 Rxc1 25. Rxc1 Qb3 26. Re1 {0-1 Khotenashvili,B (2513)-Kosteniuk,A (2527) Wch Blitz final (Women) 2014 (26)}) ({RR} 11... Nxe5 12. fxe5 Nxd2 13. Qxd2 f6 14. Qc2 f5 15. cxd5 Qxd5 16. Bc4 Qc6 17. a4 a6 18. Qe2 Kh8 19. Rad1 Rfd8 20. Qf3 Qxf3 21. gxf3 Bd5 22. Bxd5 Rxd5 23. e4 fxe4 24. fxe4 Rxd4 25. Bxd4 cxd4 26. Rc1 {0-1 Gomez Aguirre,J (2196)-Pesotskiy,M (2137) Titled Tue 19th Mar Late 2024 (6)}) 12. Ndf3 Ndf6 13. cxd5 $146 ({RR} 13. Rc1 Rc8 14. Qe2 Bd6 15. Rfd1 Qe7 16. cxd5 exd5 17. Nh4 Ng4 18. Nxf5 Rxf5 19. Qxg4 Rcf8 20. Bxe4 dxe4 21. dxc5 bxc5 22. Rd2 Qe6 23. Nc4 {1-0 Doepper,A (1760)-Gueldner,J (1093) Gelsenkirchen Silvester op 3rd 2015 (3)}) ({RR} 13. Qe2 Rc8 14. Rac1 Qe8 15. a3 Qh5 16. dxc5 Nxc5 17. Nd4 Nxd3 18. Qxh5 Nxh5 19. Nxd3 dxc4 20. bxc4 Bf6 21. Nxe6 Bxb2 22. Nxb2 Rfe8 23. Nd4 Rxe3 24. Nxf5 Re2 25. Rf2 Rxf2 26. Kxf2 Rd8 27. Rd1 Rxd1 {½-½ Engert,K (1730)-Bethke,R (2046) GER-chT U16 Magdeburg 2019 (5.3)}) 13... Nxd5 14. Qe1 Nb4 15. Rd1 Nxd3 16. Rxd3 Ba6 17. Nc4 b5 18. Nce5 c4 19. bxc4 bxc4 20. Nc6 Qc7 21. Nxe7+ Qxe7 22. Ba3 Qc7 23. Bxf8 cxd3 24. Bb4 d2 25. Nxd2 Nxd2 26. Qxd2 Bxf1 27. Kxf1 Qb7 28. Bc5 Rb8 29. Qa5 Qe4 30. Qc3 Qb1+ 31. Kf2 Qb2+ 32. Qxb2 Rxb2+ 33. Kf3 Rxa2 34. g4 a5 35. h3 a4 36. gxf5 exf5 37. e4 fxe4+ 38. Kxe4 Rh2 39. Ke5 Kf7 40. Kd6 Rxh3 41. Kc6 a3 42. d5 a2 43. Bd4 Rh1 44. d6 a1=Q 45. Bc5 Qa4+ 0-1